00578nam a2200193Ia 4500008004100000020001500041040001800056041000800074100002700082245008400109260003600193300001800229504003800247650002600285650001600311650002500327650002200352650001000374130821s1997 sp gr spa  a8471008823 aCo-BoUCMbspa00aspa1 aBurriel Luna, Germán10aSistema de gestión de riesgos laborales e industrialescGermán Burriel Luna aMadrid (España)bMAPFREc1997 a637 páginas aIncluye bibliografía e índice04aAccidentes de trabajo04aAuditoría04aRiesgos industriales04aSalud ocupacional04aSalud